90 secs Countries of the World: sorted by Latitude of Northernmost Point, with an Empty Map - Statistics

General Stats
  • This quiz has been taken 3,126 times
  • The average score is 118 of 196
Answers on the Map
Answers color-coded by a green-red scale on the quiz's map according to % correct below.
 
Answer Stats
Country % Correct
Russia - 81°51'N
99%
Canada - 83°06'N
98%
Poland - 54°50'N
98%
China - 53°34'N
95%
Belgium - 51°50'N
94%
Ireland - 55°26'N
93%
Netherlands - 53°32'N
93%
Norway - 80°49'N
93%
Saudi Arabia - 32°14'N
93%
Germany - 55°03'N
92%
Kazakhstan - 55°06'N
92%
Libya - 33°10'N
91%
Mexico - 32°43'N
91%
Israel - 33°17'N
88%
Jordan - 33°22'N
88%
Malta - 36°05'N
88%
Serbia - 46°11'N
88%
Brazil - 05°15'N
87%
Brunei - 05°04'N
87%
Democratic Republic of the Congo - 05°22'N
87%
Indonesia - 05°49'N
87%
Kenya - 05°35'N
87%
Mongolia - 52º09'N
87%
Suriname - 06°01'N
87%
Ukraine - 52º22'N
87%
Bulgaria - 44°13'N
85%
Cyprus - 35°42'N
85%
India - 35°30'N
85%
Morocco - 35°55'N
85%
Czech Republic - 51°02'N
84%
France - 51°05'N
84%
Finland - 70°05'N
83%
Luxembourg - 50°11'N
83%
Niger - 23°31'N
82%
Iraq - 37°23'N
81%
Algeria - 37°05'N
80%
Bolivia - 09°40'S
80%
Georgia - 43°35'N
80%
Kosovo - 43°25'N
80%
Monaco - 43°45'N
80%
Montenegro - 43°32'N
80%
Pakistan - 37°06'N
80%
Syria - 37°19'N
80%
Tunisia - 37°21'N
80%
Argentina - 21°48'S
79%
Australia - 09°16'S
79%
Cuba - 23°16'N
79%
Vietnam - 23°22'N
79%
Chad - 23°30'N
78%
Macedonia - 42°21'N
78%
Malawi - 09°22'S
78%
South Africa - 22°20'S
77%
Spain - 43º47'N
77%
Egypt - 31°36'N
76%
Portugal - 42°07'N
76%
Sweden - 69°04'N
76%
Iceland - 67°08'N
75%
Italy - 47°05'N
75%
Slovenia - 46°52'N
75%
Switzerland - 47°48'N
75%
Turkey - 42°06'N
75%
United States - 71°23'N
75%
Vatican City - 41°54'N
75%
Azerbaijan - 41°53'N
74%
Greece - 41°43'N
74%
San Marino - 43°59'N
74%
Croatia - 46°33'N
73%
Laos - 22°29'N
72%
South Korea - 38°37'N
72%
Bosnia and Herzegovina - 45°43'N
71%
Iran - 39°47'N
71%
Japan - 45°31'N
71%
Lebanon - 34°43'N
71%
Liechtenstein - 47°14'N
71%
Nepal - 30°26'N
71%
Philippines - 21°07'N
71%
Saint Lucia - 14°07'N
71%
Uzbekistan - 45°36'N
71%
Albania - 42°30'N
70%
Andorra - 42°39'N
70%
Gambia - 13°49'N
70%
Nigeria - 13°50'N
70%
Barbados - 13°20'N
69%
Colombia - 13°23'N
69%
East Timor - 08°19'S
69%
Saint Vincent and the Grenadines - 13°22'N
69%
Turkmenistan - 42°50'N
69%
Sudan - 22°12'N
68%
Tajikistan - 41°02'N
67%
Mali - 25°00'N
65%
Botswana - 17°46'S
64%
Namibia - 16°56'S
63%
Chile - 17°19'S
62%
Burkina Faso - 15°05'N
61%
Djibouti - 12°43'N
61%
Ethiopia - 14°53'N
61%
Nicaragua - 15°01'N
61%
Paraguay - 19°33'S
60%
Cambodia - 14°30'N
59%
El Salvador - 14°26'N
59%
Marshall Islands - 14°32'N
59%
Afghanistan - 38°22'N
58%
Cameroon - 13°05'N
58%
United Kingdom - 60°51'N
58%
Belarus - 56°08'N
57%
Venezuela - 15º40'N
57%
Austria - 49°01'N
56%
Bahamas - 27°16'N
56%
Liberia - 08°33'N
56%
Lithuania - 56°27'N
56%
United Arab Emirates - 26°05'N
56%
Armenia - 41°17'N
55%
Bangladesh - 26°38'N
55%
Dominica - 15°38'N
55%
Hungary - 48°35'N
55%
Mauritania - 26°20'N
55%
Moldova - 48°28'N
55%
Nauru - 00°30'S
55%
Oman - 26°30'N
55%
Peru - 00°01'S
55%
Romania - 48°15'N
55%
Somalia - 11°59'N
55%
Sri Lanka - 09°30'N
55%
Taiwan - 26°23'N
55%
Tanzania - 00°59'S
55%
Trinidad and Tobago - 11º21'N
55%
Ecuador - 01°27'N
53%
Panama - 09°38'N
53%
Federated States of Micronesia - 10°05'N
52%
Latvia - 58°05'N
52%
North Korea - 43°00'N
52%
Sierra Leone - 10°00'N
51%
Senegal - 16°41'N
50%
Bahrain - 26°17'N
48%
Costa Rica - 11º13'N
47%
Dominican Republic - 19°55'N
47%
Ghana - 11°10'N
47%
Togo - 11°08'N
47%
Grenada - 12°31'N
46%
Guinea - 12°41'N
46%
Guinea-Bissau - 12°41'N
46%
Guatemala - 17°15'N
45%
Honduras - 17°24′3
45%
Saint Kitts and Nevis - 17°26'N
45%
Swaziland - 25°44'S
45%
Antigua and Barbuda - 17°44'N
44%
Eritrea - 17°59'N
44%
Slovakia - 49°36'N
44%
Thailand - 20°27'N
44%
Denmark - 57°45'N
43%
Estonia - 59°48'N
43%
New Zealand - 29°13'S
43%
Solomon Islands - 05°13'S
43%
Angola - 04°24'S
42%
Qatar - 26°09'N
42%
Seychelles - 03°43'S
42%
Benin - 12°25'N
41%
Cape Verde - 17°12'N
41%
South Sudan - 12°14'N
41%
Haiti - 20°04'N
39%
Uruguay - 30°05'S
39%
Cote d'Ivoire - 10°44'N
38%
Central African Republic - 11°01'N
37%
Kyrgyzstan - 43°16'N
37%
Mauritius - 10°25'S
36%
Mozambique - 10°27'S
36%
Belize - 18°29'N
34%
Jamaica - 18°31'N
34%
Palau - 08°10'N
33%
Yemen - 19°00'N
32%
Gabon - 02°19'N
31%
Kiribati - 02°03'N
31%
Sao Tome and Principe - 01°42'N
31%
Singapore - 01°28'N
31%
Zimbabwe - 15°37'S
31%
Lesotho - 28°34'S
29%
Papua New Guinea - 01°15'S
29%
Rwanda - 01°03'S
29%
Tuvalu - 05°39'S
29%
Zambia - 08°14'S
29%
Bhutan - 28°20'N
28%
Guyana - 08°24'N
26%
Kuwait - 30°06'N
26%
Malaysia - 07°15'N
24%
Maldives - 07°07'N
24%
Republic of the Congo - 03°43'N
24%
Burma - 28°32'N
23%
Comoros - 11°22'S
20%
Fiji - 12°30'S
20%
Tonga - 15°36'S
20%
Vanuatu - 13°07'S
20%
Madagascar - 12°08'S
19%
Uganda - 04°14'N
19%
Equatorial Guinea - 03°47'N
18%
Samoa - 13°25'S
12%
Burundi - 02°18'S
10%
No matching quizzes found
Score Distribution
Percent of People with Each Score
Percentile by Number Answered
Your Score History
You have not taken this quiz